| 000 | 00653nam a2200181 i 4500 | ||
|---|---|---|---|
| 001 | 140863 | ||
| 003 | ES-MaACL | ||
| 005 | 20230906200152.0 | ||
| 007 | t| | ||
| 008 | 070918s1930 cu ||||1| spa d | ||
| 100 | 1 |
_aYero Miniet, Luis. _9117623 |
|
| 245 | 1 | 0 |
_aCarlos Manuel Céspedes _b: conferencia leída por su autor en la Academia Nacional de Artes y Letras el día 26 de enero de 1930 / _cLuis Yero Miniet. |
| 260 |
_aHabana : _bBouza y Comp., _c1930. |
||
| 300 |
_a62 p. ; _c22 cm. |
||
| 600 | 1 | 4 |
_aCéspedes, Carlos Manuel de ( _d1819-1874) _937686 |
| 710 | 2 |
_aAcademia Nacional de Artes y Letras (Cuba) _91211 |
|
| 852 |
_aES-MaACL _j1740-F-3 |
||
| 999 |
_c140863 _d140863 |
||